000
00200 a2200097 4500
001
6999
100
_a
Lane, L
245
_a
Servicing transistor radios
260
_a
_b
Iliffe
_c
090
_c
5782
_d
5782
942
_a
NUST-CAE
_c
M
_c
32247
999
_c
242072
_d
242072